Informe del rector, 1981-1982
En este informe se recogen las diferentes labores de la rectoría de la Universidad de Costa Rica (U.C.R.) en el período 1981-1982, el cual, por lo demás, se caracterizó por la fuerte recesión económica a nivel nacional, y esta situación perudicó fuertemente el presupuesto universitario. En el docume...
সংরক্ষণ করুন:
| সংস্থা লেখক: | |
|---|---|
| বিন্যাস: | পাঠ্য |
| প্রকাশিত: |
San Pedro de M. de O.:
UCR. Oficina de Publicaciones
|
| বিষয়গুলি: | |
| ট্যাগগুলো: |
ট্যাগ যুক্ত করুন
কোনো ট্যাগ নেই, প্রথমজন হিসাবে ট্যাগ করুন!
|
MARC
| LEADER | 00000 a a2200000 04500 | ||
|---|---|---|---|
| 001 | 13013 | ||
| 003 | |||
| 040 | |||
| 090 | |a 016800 | ||
| 110 | |a UCR. Rectoría | ||
| 245 | |a Informe del rector, 1981-1982 | ||
| 260 | |a San Pedro de M. de O.: |b UCR. Oficina de Publicaciones | ||
| 300 | |a 173 p.; 2 vol | ||
| 300 | |b **no definido** | ||
| 500 | |a Rector: Dr. Fernando Durán Ayanegui.Contiene Anexo "observaciones al Rector: Dr. Fernando Durán Ayanegui.Contiene Anexo "observaciones al Rector: Dr. Fernando Durán Ayanegui.Contiene Anexo "observaciones al Informe de la Comisión Especial de la Asamblea Legislativa para Investigar y Evaluar las Instituciones Universitarias Estatales" | ||
| 520 | |a En este informe se recogen las diferentes labores de la rectoría de la Universidad de Costa Rica (U.C.R.) en el período 1981-1982, el cual, por lo demás, se caracterizó por la fuerte recesión económica a nivel nacional, y esta situación perudicó fuertemente el presupuesto universitario. En el documento se informa acerca de los trabajos conjuntos entre la rectoría de la U.C.R. y el Consejo Nacional de Rectores (CONARE), tal como la elaboración del Plan para Desarrollar la Educación Superior y que fue presentado ante el Poder Ejecutivo. Se proporcionan una serie de cuadros estadísticos con información acerca de: los proyectos realizados por el programa de Trabajo Comunal Universitario (T.C.U.), la ayuda económica recibida del exterior, la salarios asignados a los docentes, y el papel del Consejo Nacional de Investigaciones Científicas y Tecnológicas (CONICIT) en el desarrollo de la educación superior. LOB/mb | ||
| 650 | |a UNIVERSIDAD DE COSTA RICA | ||
| 650 | |a ADMINISTRACION UNIVERSITARIA | ||
| 650 | |a INFORMES DE ACTIVIDADES | ||
| 650 | |a INFORMES ANUALES | ||
| 650 | |a GASTOS | ||
| 650 | |a PRESUPUESTO | ||
| 650 | |a SALARIOS | ||
| 650 | |a FINANCIAMIENTO EXTERIOR | ||
| 650 | |a RECESION ECONOMICA | ||
| 650 | |a OPINION PUBLICA | ||
| 650 | |a PODER LEGISLATIVO | ||
| 650 | |a PODER EJECUTIVO | ||
| 650 | |a ASPECTOS FINANCIEROS | ||
| 650 | |a SALARIOS | ||
| 650 | |a INVERSIONES | ||
| 650 | |a CONSEJO NACIONAL DE INVESTIGACIONES CIENTIFICAS Y TECNOLOGICAS, CR | ||
| 650 | |a PROYECTOS DE EDUCACION | ||
| 650 | |a AYUDA ECONOMICA | ||
| 650 | |a PRESTAMOS | ||
| 999 | |c 16544 |d 16544 | ||
